00357nam a2200133Ia 450000500170000000800410001702000150005808200150007310000210008824500240010926000400013330000130017350000370018620250514020834.0240331s9999 xx 000 0 und d a9559662821 a155.6bSUM aSumanasekare , M 0aVishwaye manavikawo aNugegodabDeepani Publicationc2000 a178 p ., aA Book on psychological Advices